Introduction to the history of philosophy / (Record no. 28849)
[ view plain ]
| 000 -LEADER | |
|---|---|
| fixed length control field | 00898cam a22002651a 4500 |
| 001 - CONTROL NUMBER | |
| control field | 28849 |
| 003 - CONTROL NUMBER IDENTIFIER | |
| rucl marc code | BD-RjUL |
| 005 - DATE AND TIME OF LATEST TRANSACTION | |
| control field | 20211209051334.0 |
| 008 - FIXED-LENGTH DATA ELEMENTS--GENERAL INFORMATION | |
| fixed length control field | 140401s1939 nyu b 001 0 eng d |
| 035 ## - SYSTEM CONTROL NUMBER | |
| System control number | (BD-RjUL)28933 |
| System control number | (OCoLC)498177 |
| 040 ## - CATALOGING SOURCE | |
| Original cataloging agency | DLC |
| Transcribing agency | OYU |
| Modifying agency | OCoLC |
| -- | PPiU |
| -- | DLC |
| -- | BD-RjUL |
| Language of cataloging | eng |
| 041 ## - LANGUAGE CODE | |
| Language code of text/sound track or separate title | eng |
| 082 00 - DEWEY DECIMAL CLASSIFICATION NUMBER | |
| Classification number | 190 |
| Author mark and year | BUI 1939 |
| 100 1# - MAIN ENTRY--PERSONAL NAME | |
| Personal name | Burgess, Joseph B. |
| Fuller form of name | (Joseph Bell), |
| Dates associated with a name | 1902- |
| 9 (RLIN) | 88216 |
| 245 10 - TITLE STATEMENT | |
| Title | Introduction to the history of philosophy / |
| Statement of responsibility, etc. | by Joseph B. Burgess. |
| 250 ## - EDITION STATEMENT | |
| Edition statement | 1st ed. |
| 260 ## - PUBLICATION, DISTRIBUTION, ETC. (IMPRINT) | |
| Place of publication, distribution, etc. | New York ; |
| -- | London : |
| Name of publisher, distributor, etc. | McGraw-Hill Book Company, |
| Date of publication, distribution, etc. | 1939. |
| 300 ## - PHYSICAL DESCRIPTION | |
| Pagination | xi, 628 p. ; |
| Size | 24 cm. |
| 504 ## - BIBLIOGRAPHY, ETC. NOTE | |
| Bibliography, etc | "Parallel readings" at end of each chapter. "Reference title": p. 615-617. "Glossary of philosophical terms": p. 619-624. and Index |
| 650 #0 - SUBJECT ADDED ENTRY--TOPICAL TERM | |
| Topical term or geographic name as entry element | Philosophy |
| General subdivision | History. |
| 9 (RLIN) | 88217 |
| 942 ## - ADDED ENTRY ELEMENTS (KOHA) | |
| Source of classification or shelving scheme | Dewey Decimal Classification |
| Koha item type | Books |
| Lost status | Source of classification or shelving scheme | Damaged status | Not for loan | Collection code | Permanent Location | Current Location | Shelving location | Date acquired | Source of acquisition | Cost, normal purchase price | Total Checkouts | Full call number | Date last seen | Copy number | Koha item type |
|---|---|---|---|---|---|---|---|---|---|---|---|---|---|---|---|
| Dewey Decimal Classification | Added to bundle | Non-fiction | Central Library, University of Rajshahi | Central Library, University of Rajshahi | Reading Room | 25/07/1959 | New York Mcgrow Hill | 5.85 | 190 BUI 1939 | 01/04/2014 | C-1 | Books |